00615cam a22001933a 450000100060000000300060000600500170001200800410002904000150007004200070008510000210009224501220011326000290023550600300026451600200029470000360031483000290035085600420037945990PGUSA20140828084056.0140615s2014||||xxu|||||s|||||000 | eng d aPGUSAbeng adc1 aWarner, Frank A.10aBobby Blake on the School Nine :bThe Champions of the Monatook Lake Leagueh[electronic resource] /cFrank A. Warner bProject Gutenberg,c2014 aPublic domain in the USA. aElectronic text1 aOwen, Robert Emmett,d1878-1957 0aProject Gutenbergv4599040uhttp://www.gutenberg.org/ebooks/45990